| 000 | 00984nam a2200289 i 4500 | ||
|---|---|---|---|
| 003 | EG-GICUC | ||
| 005 | 20260225124409.0 | ||
| 008 | 260225s1929 ge ||||fr|||| 00| 0 ger d | ||
| 040 |
_aEG-GiCUC _bger _cEG-GiCUC _dEG-GiCUC _erda |
||
| 082 | 0 | 4 |
_221 _a341.33 _bBO . A |
| 092 | 0 | 4 | _221 |
| 099 | _aLaw1 11 341.33 BO . A 1929 | ||
| 100 | 1 |
_aBoghitschewitsch, M _eAuthor. |
|
| 245 | 1 | 4 |
_aDie Auswärtige Politik Serbiens 1905-1914 : _bBand II Diplomatische Geheimakten Aus Russischen, Montenegrinischen Und Sonstigen Archiven / _cM. Boghitschewitsch. |
| 264 | 1 |
_aBerlin : _bBrückenverlag, _c1929. |
|
| 300 |
_a617pages : _billustrations, _c24 cm |
||
| 336 |
_2rda content _atext |
||
| 337 |
_2rda media _aComputer |
||
| 338 |
_2rda carrier _aOnline Resource |
||
| 504 | _a | ||
| 546 | _a Text in German | ||
| 650 | 1 | 4 |
_aPublic international law _2 |
| 651 | 1 | _2 | |
| 856 | 4 | 0 | _uhttps://fll.law.cu.edu.eg/fulltext/bks/B11-08139.pdf |
| 905 | _a50 | ||
| 942 |
_2ddc _cBK _e21 _n0 |
||
| 999 |
_c64212 _d64212 |
||